Lược sử vùng đất Nam Bộ Việt Nam

Na minha lista:
Detalhes bibliográficos
Autor principal: Vũ, Minh Giang
Formato: Livro
Idioma:Undetermined
Publicado em: Hà Nội Chính trị quốc gia 2014
Assuntos:
Tags: Adicionar Tag
Sem tags, seja o primeiro a adicionar uma tag!
Thư viện lưu trữ: Trung tâm Học liệu Trường Đại học Cần Thơ
LEADER 00635nam a2200205Ia 4500
001 CTU_194474
008 210402s9999 xx 000 0 und d
020 |c 37000 
082 |a 915.97 
082 |b Gi106 
100 |a Vũ, Minh Giang 
245 0 |a Lược sử vùng đất Nam Bộ Việt Nam 
245 0 |c Vũ Minh Giang 
260 |a Hà Nội 
260 |b Chính trị quốc gia 
260 |c 2014 
650 |a Names, geographical,Tên địa danh 
650 |x Geography,History,Địa lý,Lịch sử 
650 |z Vietnam,Việt Nam 
980 |a Trung tâm Học liệu Trường Đại học Cần Thơ